000 00863nam a2200217Ii 4500
003 JO-AjNU
008 230605s9999||||xx |||||||||||||| ||und||
020 _a9953-36-610-1
040 _aJO-AjNU
_bara
_erda
_cJO-AjNU
041 _aara
050 1 4 _aPJ7852.Z89 2004
100 3 _aتأليف عبيد،محمد صابر,
_eauthor
_924013
245 0 0 _aشعرية طائر الضوء: جماليات التشكيل والتعبير في قصائد إبراهيم نصر الله
250 _aط1
264 3 1 _aبيروت:المؤسسة العربية للدراسات والنشر،2004 ؛ عمان:دار الفارس للنشر والتوزيع،2004
300 _a191ص
336 _atext
_btxt
_2rdacontent
337 _aunmediated
_bn
_2rdamedia
338 _avolume
_bnc
_2rdacarrier
650 4 _aالشعر العربي - تحليل ونقد 
_924014
999 _aA8777
_c12345
_d12345